<?xml version="1.0" encoding="UTF-8"?>
<collection xmlns="http://www.loc.gov/MARC21/slim">
    <record>
        <controlfield tag="001">81512</controlfield>
        <controlfield tag="005">20190910134339.0</controlfield>
        <datafield tag="037" ind1=" " ind2=" ">
            <subfield code="a">GDOC-2018-27457</subfield>
        </datafield>
        <datafield tag="041" ind1=" " ind2=" ">
            <subfield code="a">spa</subfield>
        </datafield>
        <datafield tag="041" ind1=" " ind2=" ">
            <subfield code="a">eng</subfield>
        </datafield>
        <datafield tag="100" ind1=" " ind2=" ">
            <subfield code="0">(orcid)0000-0001-8691-1064</subfield>
            <subfield code="1">151650</subfield>
            <subfield code="a">MARÍA ISABEL AYUDA, BOSQUE</subfield>
        </datafield>
        <datafield tag="245" ind1="0" ind2="0">
            <subfield code="9">27457</subfield>
            <subfield code="a">Prácticas en empresa I</subfield>
        </datafield>
        <datafield tag="242" ind1="0" ind2="0">
            <subfield code="9">27457</subfield>
            <subfield code="a">Internships I</subfield>
        </datafield>
        <datafield tag="260" ind1=" " ind2=" ">
            <subfield code="a">Zaragoza</subfield>
            <subfield code="b">Universidad de Zaragoza</subfield>
            <subfield code="c">2018-2019</subfield>
        </datafield>
        <datafield tag="521" ind1=" " ind2=" ">
            <subfield code="9">133</subfield>
            <subfield code="a">Graduado en Economía</subfield>
            <subfield code="b">Degree in Economics</subfield>
        </datafield>
        <datafield tag="540" ind1=" " ind2=" ">
            <subfield code="a">by-nc-sa</subfield>
            <subfield code="b">Creative Commons</subfield>
            <subfield code="c">3.0</subfield>
            <subfield code="u">http://creativecommons.org/licenses/by-nc-sa/3.0/</subfield>
        </datafield>
        <datafield tag="700" ind1=" " ind2=" ">
            <subfield code="0">(orcid)0000-0002-0527-4698</subfield>
            <subfield code="1">143683</subfield>
            <subfield code="a">ENRIQUE GINER, BAGÜÉS</subfield>
        </datafield>
        <datafield tag="700" ind1=" " ind2=" ">
            <subfield code="0">(orcid)0000-0002-2228-7861</subfield>
            <subfield code="1">118648</subfield>
            <subfield code="a">LUIS ANTONIO SÁEZ, PÉREZ</subfield>
        </datafield>
        <datafield tag="700" ind1=" " ind2=" ">
            <subfield code="0">(orcid)0000-0002-5926-2166</subfield>
            <subfield code="1">445507</subfield>
            <subfield code="a">MARCOS SANSO, NAVARRO</subfield>
        </datafield>
        <datafield tag="700" ind1=" " ind2=" ">
            <subfield code="0">(orcid)0000-0003-4802-600X</subfield>
            <subfield code="1">543144</subfield>
            <subfield code="a">CRISTINA SARASA, FERNÁNDEZ</subfield>
        </datafield>
        <datafield tag="830" ind1=" " ind2=" ">
            <subfield code="9">417</subfield>
        </datafield>
        <datafield tag="856" ind1="4" ind2=" ">
            <subfield code="s">16697</subfield>
            <subfield code="u">http://zaguan.unizar.es/record/81512/files/guia-27457-es.pdf</subfield>
            <subfield code="y">Guía (idioma español)</subfield>
        </datafield>
        <datafield tag="856" ind1="4" ind2=" ">
            <subfield code="s">7474</subfield>
            <subfield code="u">http://zaguan.unizar.es/record/81512/files/guia-27457-en.pdf</subfield>
            <subfield code="y">Guide (english)</subfield>
        </datafield>
        <datafield tag="970" ind1=" " ind2=" ">
            <subfield code="a">GDOC-2018-27457</subfield>
        </datafield>
        <datafield tag="980" ind1=" " ind2=" ">
            <subfield code="a">GDOC</subfield>
            <subfield code="b">Ciencias Sociales y Jurídicas</subfield>
            <subfield code="b">Social Sciences and Law</subfield>
            <subfield code="c">109</subfield>
        </datafield>
    </record>

    
</collection>